[Event "VII Sunway Sitges Open 2020"]
[Site "Sitges"]
[Date "2020.12.15"]
[Round "3.14"]
[White "Carbonell Sancho, Marc"]
[Black "Maze, Sebastien"]
[Result "1-0"]
[WhiteElo "2274"]
[BlackElo "2557"]
[Annotator "TA"]
[PlyCount "129"]
[EventDate "2020.12.13"]
[EventType "swiss"]
[EventCountry "ESP"]
[SourceTitle "playchess.com"]
[Source "ChessBase"]
[SourceQuality "1"]

{[%evp 22,129,-28,-18,12,-29,0,-23,0,0,58,22,23,34,133,21,68,68,151,168,166,52,214,175,298,295,356,335,501,458,517,496,509,502,779,809,707,496,505,483,480,452,440,422,555,477,477,482,483,473,429,314,345,351,350,349,343,345,335,260,317,306,303,265,320,297,299,327,294,250,389,383,422,403,446,440,450,450,513,508,476,416,416,416,416,416,416,416,416,384,376,376,376,376,2091,1635,4335,2754,29968,6079,29975,29969,29972,29969,29969,29969,29965,29968,29965,29964]} 1. Nf3 Nf6 2. g3 g6 3. Bg2 Bg7 4. O-O O-O 5. d3 d5 6. Nbd2 c5 7. e4 Nc6 8. exd5 Nxd5 9. Re1 b6 10. c3 Bb7 11. a4 {[%cal Ba2a4,Ba4a5][%mdl 32]} Qc7 12. Nc4 Rfd8 {A08: King's Indian Attack.} 13. Qb3 e6 {[#]} 14. a5 $146 ({Predecessor:} 14. Ng5 h6 15. Ne4 Ne5 16. Qc2 Nxc4 17. dxc4 Ne7 18. Qe2 f5 19. Nxc5 bxc5 20. Qxe6+ {1-0 (35) Mustafaev,J (2346)-Niyazmetov,R (2202) Bukhara 2008}) 14... Ba6 {Black has an edge.} 15. Bg5 Re8 (15... Rf8 $11) 16. Nfd2 b5 17. Ne3 Nf6 (17... Nxe3 $14 18. Bxe3 (18. Rxe3 h6 $17) 18... Rad8) 18. Bf4 ({Better is} 18. Bxf6 $16 Bxf6 19. Ng4) 18... Qc8 19. Bd6 Bf8 (19... Rd8 $14 20. Bxc5 Rxd3) 20. Bxf8 $1 $16 Rxf8 {[#]} 21. Qa3 (21. Qd1 $1 $18) 21... Nd7 $2 {Loses the game.} (21... b4 $14 22. cxb4 cxb4) 22. Ne4 $36 {[%mdl 2048] White is in control.} Nce5 (22... Rb8 $142 23. Nxc5 b4 24. cxb4 Nxb4 25. Nxa6 Qxa6) 23. d4 $18 Nd3 {[#]} 24. Red1 $1 c4 (24... b4 $142 25. cxb4 cxd4) 25. Qe7 Kg7 26. Ng5 {[%mdl 64] Nxe6+ is the strong threat. Discovered Attack} Nf6 27. Bxa8 Ng8 (27... h6 $142 28. Ne4 Ng8 29. Qxa7 Qxa8 30. Qxa8 Rxa8) 28. Qxa7 h6 29. Nf3 Qxa8 30. Qxa8 Rxa8 31. b3 Nf6 32. bxc4 bxc4 33. Ne5 Nxe5 34. dxe5 Ne4 35. Ra3 Rb8 36. Rc1 Nd2 37. Ra2 Nf3+ 38. Kf1 Nxe5 39. Raa1 Rb3 40. Nd1 Kf6 41. Rcb1 Ke7 42. Ke2 Nd3 43. Ke3 Kd6 44. Rxb3 cxb3 {[%mdl 4096] Endgame KRN-KBN} 45. Rb1 Nc5 (45... Ne5 $142) 46. Nb2 Nb7 47. Ra1 e5 48. Ra4 Kc6 49. c4 f5 50. Nd3 Kd6 {and the idea ...e4 leaves Black hopeful.} 51. Rb4 Nxa5 52. Rb6+ {[%mdl 64] Double Attack} Kc7 53. Rxa6 Nxc4+ 54. Ke2 e4 55. f4 exd3+ 56. Kxd3 {KR-KN} Ne3 {aiming for ...b2.} 57. Kc3 ({But not} 57. Kxe3 $2 b2 $19) 57... g5 $2 (57... Nf1 58. Rxg6 Nxh2 59. Rxh6 Nf1) 58. Rxh6 gxf4 59. gxf4 Nd5+ 60. Kxb3 Nxf4 61. Rf6 {White mates.} Kd7 62. Rxf5 Ng6 63. Kc4 Ke6 64. Rf1 Ke5 65. Kd3 {Weighted Error Value: White=0.23/Black=0.68} 1-0

[Event "VII Sunway Sitges Open 2020"]
[Site "Sitges"]
[Date "2020.12.15"]
[Round "3.15"]
[White "Nevednichy, Vladislav"]
[Black "Svoboda, Vaclav"]
[Result "1-0"]
[WhiteElo "2546"]
[BlackElo "2407"]
[Annotator "TA"]
[PlyCount "67"]
[EventDate "2020.12.13"]
[EventType "swiss"]
[EventCountry "ESP"]
[SourceTitle "playchess.com"]
[Source "ChessBase"]
[SourceQuality "1"]

{[%evp 21,67,40,35,6,10,8,16,16,11,14,6,12,32,32,32,32,32,32,32,32,32,32,32,32,32,32,32,32,32,32,53,49,51,53,58,51,147,145,141,144,148,141,145,171,723,698,621,407]} 1. e4 c5 2. Nf3 e6 3. d4 cxd4 4. Nxd4 a6 5. Bd3 Nf6 6. O-O Qc7 7. Qe2 d6 8. c4 g6 9. Nc3 Bg7 10. Nf3 O-O 11. Rd1 Nc6 12. Bf4 {B42: Sicilian: Kan Variation: 5 Bd3.} e5 13. Be3 Bg4 14. h3 {The position is equal.} Nd4 15. Bxd4 exd4 16. Nd5 Bxf3 17. Qxf3 Nxd5 18. cxd5 Rac8 19. h4 {[#]} h5 $146 ({Predecessor:} 19... Qe7 20. g3 Bh6 21. Re1 Rc5 22. Re2 Bc1 23. Rb1 Rfc8 24. Kg2 Kg7 25. Qg4 h5 {½-½ (55) Kett,T (2145)-Karttunen,M (2379) Plovdiv 2003}) 20. g3 Qe7 21. Kg2 Rc5 22. Re1 Rfc8 23. Qe2 Re8 24. f4 Qd8 25. Qf3 Qb6 26. Re2 Qc7 27. Rf1 Rc1 28. Rff2 Qd7 {[#]} (28... Ra1 $14) 29. e5 $1 $16 {[%cal Re5e6][%mdl 512] Black must now prevent e6!} dxe5 30. fxe5 Bxe5 {[#]} 31. Bxg6 $1 {[%mdl 512]} fxg6 {[#]} 32. Rxe5 $1 {[%mdl 512]} Rcc8 $2 {[#]} (32... Rxe5 $2 {too greedy.} 33. Qf8+ Kh7 34. Rf7+ Qxf7 35. Qxf7+ Kh6 36. Qf4+ {[%mdl 64] Double Attack} Kh7 37. Qxe5 $18) (32... Kh7 33. Rxe8 Qxe8) 33. Rg5 $1 $18 {[%mdl 512]} Qg7 34. Qd3 {Weighted Error Value: White=0.01/Black=0.11} 1-0

[Event "VII Sunway Sitges Open 2020"]
[Site "Sitges"]
[Date "2020.12.15"]
[Round "3.16"]
[White "Ortega Serra, Marc"]
[Black "Flom, Gabriel"]
[Result "1/2-1/2"]
[WhiteElo "2288"]
[BlackElo "2499"]
[Annotator "TA"]
[PlyCount "60"]
[EventDate "2020.12.13"]
[EventType "swiss"]
[EventCountry "ESP"]
[SourceTitle "playchess.com"]
[Source "ChessBase"]
[SourceQuality "1"]

{[%evp 20,60,0,-16,41,-54,0,-20,-14,-41,-49,-51,-60,-54,64,77,66,76,74,0,0,0,24,14,43,15,25,0,142,149,149,135,128,22,22,24,19,0,30,0,20,0,33]} 1. d4 Nf6 2. c4 g6 3. Nc3 Bg7 4. e4 d6 5. f4 O-O 6. Nf3 c5 7. d5 e6 8. dxe6 fxe6 9. Bd3 Nc6 10. O-O Nd4 11. Ng5 h6 {E76: King's Indian: Four Pawns Attack: Lines specific to 6 Nf3 move-order.} (11... e5 $11) 12. Nh3 {[#]} ({White should play} 12. Nf3 $14) 12... Qe8 $146 (12... e5 $15) ({Predecessor:} 12... Qe7 13. e5 dxe5 14. fxe5 Nd7 15. Rxf8+ Qxf8 16. Bxg6 Nxe5 17. Be4 Nxc4 18. Qh5 Nd6 19. Bg6 {1-0 (40) Vallin,G (2359)-Smirnov,P (2530) Patras 2001}) 13. g4 Bd7 14. Be3 (14. g5 $5 {[%cal Rg5f6]} hxg5 15. Nxg5 $11) 14... Bc6 15. g5 hxg5 $1 16. Nxg5 Nh7 (16... Bh6 $15) 17. Nxh7 $14 Kxh7 18. Qg4 Bh6 19. Rf2 (19. Rae1 $16) 19... e5 $1 $11 20. Raf1 {[%cal Ba1f1,Bf1f4,Bf4f7][%mdl 32]} exf4 21. Bxf4 Bxf4 22. Rxf4 Rxf4 23. Rxf4 {Hoping for Nd5.} Qe5 (23... Kg7 $1 $11 {keeps the balance.}) 24. Rf7+ $16 Kh6 {[#]} 25. Kh1 $1 {Strongly threatening Qh4+.} Rh8 {[#]} 26. Qh4+ (26. Nd5 $1 $16 {[%cal Rd5f6] Nf6 is the strong threat.} Be8 27. Rxb7) 26... Qh5 $11 27. Qf6 Qe5 28. Qh4+ Qh5 29. Qf6 Qe5 30. Qh4+ Qh5 {Weighted Error Value: White=0.28/Black=0.32} 1/2-1/2

[Event "VII Sunway Sitges Open 2020"]
[Site "Sitges"]
[Date "2020.12.15"]
[Round "3.18"]
[White "Souhardo Basak"]
[Black "Sochacki, Christophe"]
[Result "1/2-1/2"]
[WhiteElo "2216"]
[BlackElo "2469"]
[Annotator "TA"]
[PlyCount "89"]
[EventDate "2020.12.13"]
[EventType "swiss"]
[EventCountry "ESP"]
[SourceTitle "playchess.com"]
[Source "ChessBase"]
[SourceQuality "1"]

{[%evp 24,89,27,22,23,20,13,14,19,0,21,16,20,14,19,0,25,0,0,-22,-22,-25,-29,-76,-12,-97,0,0,0,-38,-35,-35,-15,-19,-20,-14,0,0,73,17,19,16,12,0,243,244,241,250,222,205,249,246,234,222,224,160,172,185,199,173,262,198,178,165,176,43,163,73]} 1. e4 e5 2. Nf3 Nc6 3. Bb5 a6 4. Ba4 Nf6 5. O-O Be7 6. Re1 b5 7. Bb3 d6 8. c3 O-O 9. h3 Na5 10. Bc2 c5 11. d4 Nd7 12. Nbd2 exd4 13. cxd4 Nc6 {C96: Closed Ruy Lopez: Chigorin Defence: 11 d4, replies other than 11...Qc7.} 14. a4 Rb8 15. axb5 axb5 {The position is equal.} 16. d5 Nce5 17. Nxe5 Nxe5 18. f4 Ng6 19. Nf3 f5 20. e5 Bb7 21. e6 Ra8 22. Rb1 Ra2 {[#]} 23. b4 $146 ({Predecessor:} 23. Qd3 Qa8 24. Rd1 c4 25. Qd2 b4 26. Nd4 Bxd5 27. Nxf5 b3 28. Nh6+ gxh6 29. Bxg6 hxg6 30. Qxd5 Qxd5 31. Rxd5 {0-1 (48) Ter Sahakyan,S (2617)-Kovalev,V (2584) Yerevan 2016}) 23... c4 (23... Qa8 $1 $17 24. bxc5 dxc5) 24. Re2 (24. Rb2 $1 $11 Ra8 25. Nd4) 24... Nh4 (24... Bf6 $17 25. Bxf5 Rxe2 26. Qxe2 Ne7) 25. Nxh4 $1 $11 Bxh4 26. g4 Qa8 {...fxg4 is the strong threat.} 27. Bxf5 Rxe2 28. Qxe2 Bxd5 {White should prevent ...Bf6.} 29. Bb2 $1 Qa7+ 30. Kh2 g6 (30... Qe7 $11 {remains equal.}) 31. Rd1 ({Better is} 31. Qd2 $1 $16 {And now e7 would win.} Bc6 32. Ra1) 31... c3 $1 {[%cal Rc3b2]} 32. Bxc3 Bc4 33. Qg2 Bf6 $2 (33... Qe3 $11 34. Bd2 Bg3+ 35. Kh1 Qb3) 34. Bxf6 $18 Rxf6 35. Rxd6 {Threatens to win with Rd7.} Rf8 36. Bc2 Qe3 37. Qd2 $1 {[%cal Rd2e3]} Qxd2+ 38. Rxd2 {Hoping for f5.} Bxe6 {[%mdl 4096] Endgame KRB-KRB} 39. Kg3 Rc8 40. f5 gxf5 41. gxf5 Bf7 (41... Rc3+ {might work better.} 42. Kf4 Bb3) 42. Bd1 Rc3+ 43. Kg4 $1 Kg7 {[#]} 44. Be2 (44. Rd6 $1 $18) 44... Rb3 {[#]} ({Black should play} 44... Bc4 $14) 45. Rd4 {Weighted Error Value: White=0.23/Black=0.36} (45. Rd6 $1 $18 {is more deadly.}) 1/2-1/2

[Event "VII Sunway Sitges Open 2020"]
[Site "Sitges"]
[Date "2020.12.15"]
[Round "3.19"]
[White "Batsiashvili, Nino"]
[Black "Peycheva, Gergana"]
[Result "1-0"]
[WhiteElo "2460"]
[BlackElo "2257"]
[Annotator "TA"]
[PlyCount "53"]
[EventDate "2020.12.13"]
[EventType "swiss"]
[EventCountry "ESP"]
[SourceTitle "playchess.com"]
[Source "ChessBase"]
[SourceQuality "1"]

{[%evp 22,53,65,76,74,76,200,199,205,160,163,143,164,144,134,141,148,139,145,145,196,207,220,219,375,395,1202,1198,1154,1125,991,823,29959,5908]} 1. d4 d5 2. c4 e6 3. Nc3 Be7 4. Nf3 Nf6 5. g3 O-O 6. Bg2 c6 7. O-O b6 8. Ne5 Bb7 9. e4 Nbd7 10. Nxc6 Bxc6 11. exd5 exd5 12. cxd5 Bb7 {[#] E06: Closed Catalan: Early deviations.} 13. d6 $1 {[%cal Rd6e7][%mdl 576] Discovered Attack} Bxd6 (13... Bxg2 $16 14. dxe7 Qxe7 15. Kxg2 Rad8) 14. Bxb7 $18 Rb8 {White is clearly better.} 15. Bg2 {Threatens to win with Nb5.} b5 {[#]} 16. Qf3 $146 ({Predecessor:} 16. Qd3 a6 17. a4 b4 18. Ne4 Nxe4 19. Bxe4 Nf6 20. Bg2 a5 21. Bg5 h6 22. Be3 {1-0 (31) Dunn,P (1976)-Lam Choong Wai,E (1821) ICCF email 2017}) 16... h6 17. a4 bxa4 18. Rxa4 a5 19. Qf5 Bb4 20. Na2 {[%cal Bc3a2,Ba2b4,Bb4c6][%mdl 32]} Nb6 {[#]} (20... Be7 $16 21. Rd1 (21. Rxa5 $2 g6 $19) (21. Qxa5 Nb6 $11) 21... Re8) 21. Nxb4 $3 {[%mdl 512]} Nxa4 (21... axb4 22. Rxb4) 22. Nc6 $1 {[%csl LRa5,LRb8,LRd8][%mdl 64] Double Attack} Qb6 $2 {[#]} (22... Qd7) 23. Bxh6 $1 {[%mdl 576] Deflection} gxh6 $2 (23... Qb5) 24. Qxf6 {Threatening mate with Ne7+.} Rfe8 {[#]} 25. Bd5 $1 Rb7 26. Qg6+ Kf8 27. Qh7 {Black got outplayed after the opening.  Weighted Error Value: White=0.08/Black=0.80} 1-0

[Event "VII Sunway Sitges Open 2020"]
[Site "Sitges"]
[Date "2020.12.15"]
[Round "3.20"]
[White "Ortega Ruiz, Jose Miguel"]
[Black "Stefanova, Antoaneta"]
[Result "0-1"]
[WhiteElo "2251"]
[BlackElo "2466"]
[Annotator "TA"]
[PlyCount "72"]
[EventDate "2020.12.13"]
[EventType "swiss"]
[EventCountry "ESP"]
[SourceTitle "playchess.com"]
[Source "ChessBase"]
[SourceQuality "1"]

{[%evp 11,72,31,35,29,34,23,23,27,41,28,26,9,6,5,2,5,0,0,43,38,56,52,53,59,66,10,38,35,45,47,59,51,67,0,0,-15,0,-29,-29,-29,-35,-78,-47,-60,-36,-251,-64,-189,-190,-185,-181,-268,-264,-253,-180,-196,-212,-252,-236,-592,-661,-593,-640]} 1. d4 d5 2. c4 c6 3. Nf3 e6 4. e3 Bd6 5. Bd3 f5 6. O-O Nf6 7. b3 {[%cal Bb2b3,Bb3b4][%mdl 32] A84: Dutch Defence: 2 c4 Miscellaneous.} Ne4 8. Ba3 (8. Bb2 {is interesting.} O-O 9. Nc3 b6 10. Ne2 Bb7 11. Ne5) 8... Bxa3 9. Nxa3 {White has an edge.} Qe7 10. Qc1 Nd7 11. Qb2 {[#]} g5 $146 ({Predecessor:} 11... O-O 12. b4 b6 13. Ne5 Nxe5 14. dxe5 a5 15. b5 c5 16. f3 Ng5 17. Rad1 Bb7 {½-½ (41) Gazi,M (2272)-Blinchevsky,A (2253) FICGS email 2011}) 12. b4 g4 13. Ne5 Nxe5 14. dxe5 Rg8 15. b5 Rg6 16. bxc6 bxc6 17. cxd5 {[#] Threatens to win with Bxe4.} exd5 18. Rac1 (18. f4 $14) 18... Nc5 19. Rfd1 Na4 20. Qb3 Nb6 21. Qc3 Kf7 22. e6+ ({White should try} 22. Nb1 $14) 22... Bxe6 $11 23. Qa5 Rc8 24. Nc2 {Threatening Nd4.} c5 25. Ba6 Rc7 26. Na3 Bd7 27. Bb5 Bc8 28. Ba4 $2 {[#]} ({Better is} 28. Nb1 $15) 28... c4 $2 (28... Nxa4 $19 29. Nb5 Rb7 30. Qxa4 Bd7 31. Rxd5 Rxb5) 29. Rxd5 (29. Bc2 $15) 29... Nxd5 $19 30. Qxd5+ Be6 31. Qa5 (31. Qe5 $142) 31... Rc5 32. Qc3 a6 33. Nc2 Bd5 34. Qh8 Rg7 35. Nb4 $2 (35. Qb8 {is a better chance.}) 35... Bb7 36. Qb8 Rc8 {[%mdl 64] Discovered Attack.  Weighted Error Value: White=0.46/Black=0.23} 0-1

[Event "VII Sunway Sitges Open 2020"]
[Site "Sitges"]
[Date "2020.12.15"]
[Round "3.21"]
[White "Csiki, Endre"]
[Black "Siebrecht, Sebastian"]
[Result "1-0"]
[WhiteElo "2231"]
[BlackElo "2429"]
[Annotator "ChessBase"]
[PlyCount "75"]
[EventDate "2020.12.13"]
[EventType "swiss"]
[EventCountry "ESP"]
[SourceTitle "playchess.com"]
[Source "ChessBase"]
[SourceQuality "1"]
[TimeControl "40/5400+30:1800+30"]

1. e4 {[%emt 0:00:00]} g6 {[%emt 0:00:00]} 2. d4 {[%emt 0:00:10]} Bg7 {[%emt 0:00:30]} 3. Nc3 d6 {[%emt 0:00:00]} 4. Be3 {[%emt 0:00:00]} a6 {[%emt 0:00:00]} 5. Nf3 {[%emt 0:00:00]} Nd7 {[%emt 0:00:00]} 6. Qd2 {[%emt 0:00:00]} h6 {[%emt 0:00:13]} 7. Bd3 {[%emt 0:00:28]} e6 {[%emt 0:02:51]} 8. O-O-O {[%emt 0:02:50]} b5 {[%emt 0:05:54]} 9. e5 {[%emt 0:03:15]} d5 {[%emt 0:00:56]} 10. h4 {[%emt 0:00:30]} Ne7 {[%emt 0:07:06]} 11. h5 g5 12. Nxg5 {[%emt 0:05:56]} hxg5 {[%emt 0:00:51]} 13. Bxg5 c5 {[%emt 0:03:24]} 14. h6 {[%emt 0:01:20]} Bf8 {[%emt 0:08:53]} 15. dxc5 {[%emt 0:11:39]} Nxc5 16. Kb1 {[%emt 0:20:14]} b4 {[%emt 0:03:43]} 17. Ne2 {[%emt 0:00:17]} Nxd3 {[%emt 0:03:03]} 18. cxd3 {[%emt 0:01:55]} Qb6 {[%emt 0:06:43]} 19. Ng3 {[%emt 0:01:18]} Bb7 {[%emt 0:02:39]} 20. h7 {[%emt 0:08:20]} d4 {[%emt 0:13:27]} 21. Bf6 Rxh7 {[%emt 0:16:24]} 22. Rxh7 {[%emt 0:00:49]} Nd5 {[%emt 0:00:01]} 23. Ka1 {[%emt 0:02:08]} b3 {[%emt 0:04:57]} 24. Ne4 Nb4 25. Nd6+ {[%emt 0:28:04]} Bxd6 {[%emt 0:01:09]} 26. exd6 {[%emt 0:00:02]} Qxd6 {[%emt 0:15:03]} 27. Qg5 {[%emt 0:10:09]} Kd7 {[%emt 0:02:24]} 28. Rxf7+ {[%emt 0:00:22]} Kc6 29. Be5 {[%emt 0:02:35]} Nc2+ {[%emt 0:03:16]} 30. Kb1 {[%emt 0:00:04]} bxa2+ {[%emt 0:00:18]} 31. Kxc2 {[%emt 0:00:05]} Qc5+ {[%emt 0:00:06]} 32. Kd2 {[%emt 0:00:57]} Qb4+ {[%emt 0:00:42]} 33. Ke2 {[%emt 0:00:05]} Qxb2+ {[%emt 0:00:45]} 34. Qd2 {[%emt 0:00:05]} a1=Q {[%emt 0:00:26]} 35. Rxa1 {[%emt 0:00:03]} Qxa1 {[%emt 0:00:09]} 36. Qc2+ {[%emt 0:00:02]} Kd5 {[%emt 0:00:23]} 37. Qc4+ {[%emt 0:00:06]} Kxe5 {[%emt 0:00:12]} 38. Qc5+ {[%emt 0:00:02]} 1-0

[Event "VII Sunway Sitges Open 2020"]
[Site "Sitges"]
[Date "2020.12.15"]
[Round "3.22"]
[White "Alvarez Albiol, Victor"]
[Black "Mendonca, Leon Luke"]
[Result "0-1"]
[WhiteElo "2206"]
[BlackElo "2516"]
[Annotator "TA"]
[PlyCount "118"]
[EventDate "2020.12.13"]
[EventType "swiss"]
[EventCountry "ESP"]
[SourceTitle "playchess.com"]
[Source "ChessBase"]
[SourceQuality "1"]

{[%evp 24,118,31,21,35,35,28,35,37,28,67,-11,-11,-11,-11,-11,-11,-11,-11,-11,-11,-12,0,-18,-12,-31,-22,-34,-24,-27,-25,-22,-18,-19,0,-22,-8,-7,-4,-8,-8,-29,-31,-26,0,-26,-22,-54,-49,-44,-29,-43,-40,-55,-39,-54,-39,-55,-7,-46,-38,-50,-50,-50,-50,-75,-74,-143,-133,-129,-105,-137,-131,-179,-177,-174,-147,-209,-197,-234,-234,-234,-214,-1428,-1385,-5389,-3983,-29979,-29980,-29981,-29982,-29972,-29973,-29967,-29964,-29993,-29994]} 1. e4 c5 2. Nf3 d6 3. d4 cxd4 4. Nxd4 Nf6 5. Nc3 a6 6. Be3 e5 7. Nf3 Qc7 8. a4 Be7 9. a5 Nbd7 10. Be2 O-O 11. O-O b5 12. axb6 Nxb6 13. Nd2 Bb7 {13...Bb7 has become a bit dusty these days. B90: Sicilian Najdorf: Unusual White 6th moves, 6 Be3 Ng4 and 6 Be3 e5.} 14. Bxb6 Qxb6 15. Nc4 Qc7 {White is slightly better.} 16. Ne3 {[#]} Qc5 $146 ({Reject} 16... Bxe4 $6 17. Nxe4 Nxe4 18. Bf3 $18) ({Predecessor:} 16... Rfb8 17. Bd3 Bd8 18. Qf3 Bc8 19. Ncd5 Nxd5 20. Nxd5 Qb7 21. b3 Be6 22. Bc4 Ra7 {1-0 (55) Spasov,V (2578)-Zagorskis,D (2490) Turin 2006}) 17. Ncd5 (17. Nf5 $14 Rfe8 18. Qd3 (18. Nxe7+ Rxe7 19. Qd3 Rd7 $11)) 17... Nxd5 $11 18. Nxd5 Bxd5 19. Qxd5 Qxd5 20. exd5 a5 21. Rfb1 g6 22. c3 Rfc8 23. Ra4 Bd8 24. f4 exf4 25. Rxf4 Rab8 26. Rc4 Bb6+ 27. Kf1 Rxc4 28. Bxc4 {[%mdl 4096] Endgame KRB-KRB} Bc5 29. b3 Kg7 30. Ra1 Bb6 31. Re1 $1 Rc8 32. Ra1 Re8 33. Re1 Rc8 34. Ra1 h5 35. g3 Kf6 36. Ra2 Rc7 37. Kg2 Kg5 38. h4+ Kf6 39. Kf3 Rc8 40. Kg2 Rg8 41. Ra1 Re8 42. Rf1+ Kg7 43. Rf3 Re5 44. Kh3 Re1 {White is now going downhill.} 45. Kg2 (45. Rf1 $142 Re3 46. Rc1) 45... Rg1+ $17 46. Kh3 Rc1 47. Kg2 Rc2+ 48. Kf1 {[#]} Rb2 $1 49. Ke1 f5 50. Kf1 (50. Rf1 $17 {might work better.}) 50... Kf6 $19 51. Rd3 Ke5 52. Rf3 Ba7 53. Rf4 $2 (53. Bb5) 53... Be3 54. Rf3 Ke4 55. Be2 Rxb3 {Black mates.} 56. Bd1 {[#]} Rb1 $1 57. Ke2 Rb2+ 58. Ke1 a4 {[%cal Ba5a4,Ba4a3][%mdl 32]} 59. Rf1 a3 {Weighted Error Value: White=0.60/Black=0.06} 0-1

[Event "VII Sunway Sitges Open 2020"]
[Site "Sitges"]
[Date "2020.12.15"]
[Round "3.23"]
[White "Eizaguerri Floris, Maria"]
[Black "Lagarde, Maxime"]
[Result "0-1"]
[WhiteElo "2167"]
[BlackElo "2651"]
[Annotator "TA"]
[PlyCount "76"]
[EventDate "2020.12.13"]
[EventType "swiss"]
[EventCountry "ESP"]
[SourceTitle "playchess.com"]
[Source "ChessBase"]
[SourceQuality "1"]

{[%evp 18,76,22,17,38,24,50,14,46,43,58,66,56,66,61,47,56,40,95,0,0,-1,49,48,44,0,0,-49,-53,-55,-14,-40,-33,-47,-60,-101,-70,-195,-154,-152,-144,-454,-439,-670,-670,-665,-662,-919,-892,-1076,-1047,-1255,-1249,-1127,-975,-1026,-1026,-989,-954,-981,-927]} 1. e4 c5 2. Nf3 Nc6 3. d4 cxd4 4. Nxd4 Nf6 5. Nc3 d6 6. Bg5 e6 7. Qd2 a6 8. O-O-O Bd7 9. f3 Nxd4 10. Qxd4 Be7 {B67: Sicilian: Richter-Rauzer: 7...a6 8 0-0-0 Bd7, lines without 9 f4 Be7.} 11. g4 h5 $5 {[%mdl 4] Leaves trodden paths.} 12. gxh5 Rxh5 {The position is equal.} (12... Nxh5 $5 {[%cal Re7g5]} 13. Bxe7 Qxe7 $14) 13. h4 Qa5 {[#]} 14. Kb1 $146 ({Predecessor:} 14. Be2 e5 15. Qd2 Be6 16. Kb1 Rc8 17. Bxf6 Bxf6 18. Nd5 Qxd2 19. Nxf6+ gxf6 20. Rxd2 {½-½ (30) Navarro Cia,M-Adla,D (2470) Pamplona 1998}) 14... b5 15. Ne2 e5 16. Qd3 Be6 {Hoping for ...Ng4!} 17. Nc1 Rc8 {[#]} (17... Qc7 $14) 18. Bxf6 (18. Bh3 $1 $16) 18... Bxf6 $11 19. Bh3 {Threatens to win with Bxe6.} Rc6 20. Bxe6 fxe6 21. Ne2 Qb4 ({Don't play} 21... Bxh4 $6 22. f4 $16) 22. c3 Qc4 23. Qe3 Qc5 ({And not} 23... Bxh4 24. f4 $16) 24. Qd2 Rxh4 25. Rxh4 Bxh4 26. f4 Bf6 27. Nc1 {[#]} ({Better is} 27. f5 $15) 27... b4 $1 {[%mdl 512]} 28. cxb4 Qc4 29. Qe2 $2 {[%mdl 8192] White does not recover from this.} (29. Nd3 $17 {is more resistant.} exf4 30. e5) 29... exf4 $19 {Black is clearly winning.} 30. Nd3 {[#]} (30. Rf1 $142 Qxe2 31. Nxe2) 30... f3 $1 {[%cal Rf3e2][%mdl 512]} 31. Qd2 (31. Qxf3 Qc2+) 31... Qxe4 32. Re1 Qf5 {...Bg5 is the strong threat.} 33. Ka1 g5 34. Qd1 Kf7 35. Qa4 Qb5 36. Qb3 Qc4 37. Qd1 g4 38. Qd2 g3 {Weighted Error Value: White=0.60/Black=0.19} 0-1

[Event "VII Sunway Sitges Open 2020"]
[Site "Sitges"]
[Date "2020.12.15"]
[Round "3.24"]
[White "Lopez Martinez, Josep Manuel"]
[Black "Papadiamandis, Elliot"]
[Result "1-0"]
[WhiteElo "2542"]
[BlackElo "2134"]
[Annotator "TA"]
[PlyCount "77"]
[EventDate "2020.12.13"]
[EventType "swiss"]
[EventCountry "ESP"]
[SourceTitle "playchess.com"]
[Source "ChessBase"]
[SourceQuality "1"]

{[%evp 18,77,35,11,33,15,54,41,39,44,48,44,40,33,42,66,82,74,87,83,83,81,81,8,12,0,0,0,0,0,44,54,195,190,184,196,213,218,219,210,203,206,362,360,409,398,559,559,509,263,726,720,1474,1367,29968,29968,29970,29971,1880,6383,1992,1362]} 1. d4 Nf6 2. c4 g6 3. Nc3 d5 4. Nf3 Bg7 5. cxd5 Nxd5 6. Qa4+ c6 7. e4 Nxc3 8. bxc3 O-O 9. Be3 Nd7 10. Rd1 Qc7 {D85: Exchange Grünfeld: Unusual White 7th moves and lines with 7 Nf3.} 11. Bd3 e5 12. O-O c5 {White is slightly better.} 13. d5 {[#]} Nb6 $146 ({Predecessor:} 13... Nf6 14. h3 Ne8 15. c4 Nd6 16. Nd2 b6 17. Qc2 f5 18. f3 f4 19. Bf2 g5 20. Rb1 h5 21. Be2 Bf6 22. Rb3 Kf7 {½-½ (22) Likavsky,T (2430)-Molnar,E (2233) Slovakia 2019}) 14. Qa3 Bg4 15. Bb5 Rfd8 16. Bxc5 Bxf3 17. gxf3 Bf8 18. Bxf8 Rxf8 19. d6 Qd8 20. Kh1 (20. Rd3 $16) 20... Qf6 21. Be2 $36 {[%mdl 2048] White has the initiative.} Nd7 22. Rd5 Rfc8 23. Rfd1 Qh4 24. Bb5 Nb6 {Black cannot hold the game after this.} ({Black should play} 24... Nf8 $14) 25. d7 $18 ({Don't blunder} 25. Rxe5 $2 Qf4 $19) 25... Rd8 {[#]} 26. R5d2 $1 ({Don't take} 26. Rxe5 $6 Qf6 $14) 26... Qh3 27. Rd3 Qe6 28. Qc5 Qf6 29. Qe3 Qe6 $2 (29... Qf4 {might work better.} 30. Qxf4 exf4) 30. a4 Qb3 31. Qc5 Nxa4 (31... Qe6 $142 32. Kg2 Qf6) 32. Bxa4 Qxa4 33. Qxe5 Qc4 $2 (33... Qa2 34. Kg2 Qe6) 34. Rd6 a5 35. h4 Qe2 36. Kg2 h5 37. R1d5 a4 {[#]} 38. Qe7 (38. Qg5 $142 $1 Qa6 39. Rxa6 bxa6 40. Qe7) 38... Qc4 39. Rf6 {Weighted Error Value: White=0.18/Black=0.62} 1-0